Online
Catalog

Compendio de normas sobre profesionalización de la función pública : (Record no. 46822)

MARC details
000 -CABECERA
campo de control de longitud fija 01106nam a2200241 a 4500
001 - NÚMERO DE CONTROL
campo de control 000047334
003 - IDENTIFICADOR DEL NÚMERO DE CONTROL
campo de control DO-SdBNP
005 - FECHA Y HORA DE LA ÚLTIMA TRANSACCIÓN
campo de control 20250925135321.0
007 - CAMPO FIJO DE DESCRIPCIÓN FÍSICA--INFORMACIÓN GENERAL
campo de control de longitud fija ta
008 - DATOS DE LONGITUD FIJA--INFORMACIÓN GENERAL
campo de control de longitud fija 180503s2011 dr r 000 0 spa d
040 ## - FUENTE DE LA CATALOGACIÓN
Centro catalogador/agencia de origen DO-SdBNP
Lengua de catalogación spa
Centro/agencia transcriptor BNPHU
082 #4 - NÚMERO DE LA CLASIFICACIÓN DECIMAL DEWEY
Número de documento/Ítem R426c
Número de edición 22
110 1# - ENTRADA PRINCIPAL--NOMBRE DE ENTIDAD CORPORATIVA
Nombre de entidad corporativa o nombre de jurisdicción como elemento de entrada República Dominicana
Unidad subordinada Ministerio de Administración Pública
9 (RLIN) 65952
240 ## - TÍTULO UNIFORME
Título uniforme Ley 41-08
245 00 - MENCIÓN DE TÍTULO
Título Compendio de normas sobre profesionalización de la función pública :
Resto del título (ley de función pública y sus reglamentos de aplicación). /
Mención de responsabilidad, etc. Presentación, Ramón Ventura Camejo
260 ## - PUBLICACIÓN, DISTRIBUCIÓN, ETC.
Lugar de publicación, distribución, etc. Santo Domingo :
Nombre del editor, distribuidor, etc. MAP,
Fecha de publicación, distribución, etc. 2011
300 ## - DESCRIPCIÓN FÍSICA
Extensión 209 p. ;
Dimensiones 22 cm.
505 ## - NOTA DE CONTENIDO CON FORMATO
Nota de contenido con formato Presentación.
Título Ley No. 41-08 de Función Pública.--
-- Reglamento de Relaciones Laborales en la Administración.--
-- Reglamento de Reclutamiento y Selección de Personal en la Administración Pública No. 525-09.--
-- Reglamento de Estructura Organizativa, Cargos y Política Salarial No. 527-09
590 ## - NOTA LOCAL (RLIN)
Nota local Inventariado,2018,/DG
700 #2 - PUNTO DE ACCESO ADICIONAL--NOMBRE DE PERSONA
9 (RLIN) 26937
Nombre de persona Ventura Camejo, Ramón
Término indicativo de función/relación present.
910 ## - DATOS DE OPCIÓN DEL USUARIO (OCLC)
Datos de opción del usuario Inventariado, 2020 / DG
942 ## - ELEMENTOS DE PUNTO DE ACCESO ADICIONAL (KOHA)
Fuente del sistema de clasificación o colocación Dewey Decimal Classification
Tipo de ítem Koha Libro
Holdings
Estado de retiro Estado de pérdida Fuente del sistema de clasificación o colocación Restricciones de uso No para préstamo Código de colección Localización permanente Ubicación/localización actual Ubicación en estantería Fecha de adquisición Fuente de adquisición Código de barras Fecha visto por última vez Precio válido a partir de Tipo de ítem Koha Número de copia Signatura topográfica completa
    Dewey Decimal Classification Excluido de préstamo   Patrimonio Dominicano Biblioteca Nacional Pedro Henríquez Ureña Biblioteca Nacional Pedro Henríquez Ureña En catalogación 03.05.2018 Donado por Intec 47334-10 25.06.2020 25.06.2020 Libro    
    Dewey Decimal Classification Excluido de préstamo   Patrimonio Dominicano Biblioteca Nacional Pedro Henríquez Ureña Biblioteca Nacional Pedro Henríquez Ureña En catalogación 21.11.2018   47334-20 25.06.2020 25.06.2020 Libro e. 2  
    Dewey Decimal Classification Préstamo en sala   Dominicana de Servicio Biblioteca Nacional Pedro Henríquez Ureña Biblioteca Nacional Pedro Henríquez Ureña En catalogación 30.03.2022 Donado por Ferolina Sofia 2023-0653 03.02.2023 03.02.2023 Libro   R426c

Powered by Koha